Environmental science class XII (Record no. 5949)

MARC details
000 -LEADER
fixed length control field 00472 a2200181 4500
001 - CONTROL NUMBER
control field 131474
003 - CONTROL NUMBER IDENTIFIER
control field OSt
005 - DATE AND TIME OF LATEST TRANSACTION
control field 20210914113508.0
008 - FIXED-LENGTH DATA ELEMENTS--GENERAL INFORMATION
fixed length control field
082 ## - DEWEY DECIMAL CLASSIFICATION NUMBER
Classification number 628
Item number M31E
100 1# - MAIN ENTRY--PERSONAL NAME
Personal name Mani, Shyamala
245 1# - TITLE STATEMENT
Title Environmental science class XII
Statement of responsibility, etc by Shyamala Mani and Anil K Bansal
260 ## - PUBLICATION, DISTRIBUTION, ETC. (IMPRINT)
Place of publication, distribution, etc Delhi
Name of publisher, distributor, etc Foundation Books
Date of publication, distribution, etc 2006
300 ## - PHYSICAL DESCRIPTION
Extent 326p.
690 ## - LOCAL SUBJECT ADDED ENTRY--TOPICAL TERM (OCLC, RLIN)
Topical term or geographic name as entry element Environmental Science
700 ## - ADDED ENTRY--PERSONAL NAME
Personal name Bansal, Anil K
942 ## - ADDED ENTRY ELEMENTS (KOHA)
Source of classification or shelving scheme Dewey Decimal Classification
Koha item type Books
Holdings
Withdrawn status Lost status Source of classification or shelving scheme Damaged status Not for loan Collection code Home library Current library Date acquired Source of acquisition Cost, normal purchase price Full call number Barcode Date last seen Price effective from Koha item type
    Dewey Decimal Classification     General Text Book Central University Of Rajasthan Central University Of Rajasthan 08/06/2012 ARC 195.00 628 M31E 7554 21/11/2024 02/09/2020 Books